000 00175nam a2200073Ia 4500
008 170817s9999 xx 000 0 und d
100 _aSINGH U.K.
245 0 _aBASES OF EDUCATION
260 _bCOMMONWEALTH PUB.
999 _c36788
_d36788